Jain Darshan Aur Anekant जैन दर्शन और अनेकान्त (Record no. 225401)
[ view plain ]
| 000 -LEADER | |
|---|---|
| fixed length control field | 00685nam a22001937a 4500 |
| 005 - DATE AND TIME OF LATEST TRANSACTION | |
| control field | 20221201145543.0 |
| 008 - FIXED-LENGTH DATA ELEMENTS--GENERAL INFORMATION | |
| fixed length control field | 221201b ||||| |||| 00| 0 eng d |
| 040 ## - CATALOGING SOURCE | |
| Transcribing agency | AL |
| 041 ## - LANGUAGE CODE | |
| Language code of text/sound track or separate title | Hindi |
| 082 ## - DEWEY DECIMAL CLASSIFICATION NUMBER | |
| Edition number | 23 |
| Classification number | H891.4 |
| Item number | MAHJ |
| 100 ## - MAIN ENTRY--PERSONAL NAME | |
| Personal name | Acharya Mahaprajna आचार्य महाप्रज्ञ |
| 100 ## - MAIN ENTRY--PERSONAL NAME | |
| 9 (RLIN) | 64503 |
| 245 ## - TITLE STATEMENT | |
| Title | Jain Darshan Aur Anekant जैन दर्शन और अनेकान्त |
| 260 ## - PUBLICATION, DISTRIBUTION, ETC. | |
| Place of publication, distribution, etc. | Rajasthan |
| Name of publisher, distributor, etc. | Adarsh Sahitya Sangh |
| 300 ## - PHYSICAL DESCRIPTION | |
| Extent | 160 p. |
| Other physical details | HB |
| Dimensions | 21.5x14 cm. |
| 365 ## - TRADE PRICE | |
| Price amount | ₹40.00 |
| Currency code | ₹ |
| Unit of pricing | ₹40.00 |
| 650 ## - SUBJECT ADDED ENTRY--TOPICAL TERM | |
| Topical term or geographic name entry element | Hindi Prose |
| 9 (RLIN) | 64504 |
| 700 ## - ADDED ENTRY--PERSONAL NAME | |
| Personal name | MAHAPRAJNA(Acharya) महाप्रज्ञ (आचार्य) |
| 9 (RLIN) | 64505 |
| 942 ## - ADDED ENTRY ELEMENTS (KOHA) | |
| Source of classification or shelving scheme | Dewey Decimal Classification |
| Koha item type | George Fernandes Collections |
| Withdrawn status | Lost status | Source of classification or shelving scheme | Damaged status | Not for loan | Collection code | Home library | Current library | Date acquired | Total Checkouts | Full call number | Barcode | Date last seen | Price effective from | Koha item type |
|---|---|---|---|---|---|---|---|---|---|---|---|---|---|---|
| Dewey Decimal Classification | Hindi | St Aloysius Library | St Aloysius Library | 03/23/2013 | H891.4 MAHJ | GF02762 | 12/01/2022 | 12/01/2022 | George Fernandes Collections |